[Event "GER-chT U20 Girls"]
[Site "Osnabrueck"]
[Date "2015.12.28"]
[Round "3.1"]
[White "Wiesner, Paula"]
[Black "Peters, Theresa"]
[Result "1-0"]
[WhiteElo "2026"]
[BlackElo "1734"]
[PlyCount "75"]
[EventDate "2015.12.27"]
[EventType "team-swiss"]
[EventRounds "7"]
[EventCountry "GER"]
[SourceTitle "EXT 2017"]
[Source "ChessBase"]
[SourceDate "2016.10.25"]
[SourceVersion "1"]
[SourceVersionDate "2016.10.25"]
[SourceQuality "1"]
[WhiteTeam "Karlsruhe"]
[BlackTeam "Grimma"]
[WhiteTeamCountry "GER"]
[BlackTeamCountry "GER"]

1. e4 c5 2. c3 d5 3. exd5 Qxd5 4. d4 Nc6 5. Nf3 Bg4 6. Be2 cxd4 7. cxd4 e6 8. Nc3 Qa5 9. 0-0 Nf6 10. h3 Bh5 11. a3 Be7 12. Be3 a6 13. Qb3 Qd8 14. Rfd1 Nd5 15. Nxd5 exd5 16. Rac1 Na5 17. Qa2 0-0 18. g4 Bg6 19. Ne5 b5 20. Bf3 Be4 21. Bxe4 dxe4 22. Bf4 Rc8 23. Rxc8 Qxc8 24. Rc1 Qb7 25. Nxf7 Nc4 26. Nd6 Bxd6 27. Bxd6 Rf3 28. Rxc4 bxc4 29. Qxc4+ Kh8 30. Qe6 Qc6 31. d5 Qa8 32. g5 Rd3 33. Be5 Qg8 34. Qe7 Rf3 35. d6 Rf7 36. Qe6 Qf8 37. d7 Re7 38. Bd6 1-0

[Event "GER-chT U20 Girls"]
[Site "Osnabrueck"]
[Date "2015.12.27"]
[Round "2.1"]
[White "Peters, Theresa"]
[Black "Klek, Hanna Marie"]
[Result "0-1"]
[WhiteElo "1734"]
[BlackElo "2247"]
[PlyCount "170"]
[EventDate "2015.12.27"]
[EventType "team-swiss"]
[EventRounds "7"]
[EventCountry "GER"]
[SourceTitle "EXT 2017"]
[Source "ChessBase"]
[SourceDate "2016.10.25"]
[SourceVersion "1"]
[SourceVersionDate "2016.10.25"]
[SourceQuality "1"]
[WhiteTeam "Grimma"]
[BlackTeam "Bechhofen"]
[WhiteTeamCountry "GER"]
[BlackTeamCountry "GER"]

1. e4 e5 2. Nf3 Nc6 3. Bb5 a6 4. Ba4 Nf6 5. 0-0 Be7 6. Re1 b5 7. Bb3 d6 8. c3 0-0 9. d4 Bg4 10. d5 Na5 11. Bc2 c6 12. b4 Nc4 13. dxc6 Qc7 14. Nbd2 Nxd2 15. Bxd2 Qxc6 16. Rc1 Qb7 17. Bg5 Nh5 18. Be3 g6 19. Bb3 Rac8 20. Bd5 Qd7 21. Bh6 Ng7 22. Re3 Kh8 23. h3 Be6 24. Ng5 Bxg5 25. Bxg5 Ne8 26. Rd3 Bxd5 27. Rxd5 f6 28. Be3 Qe6 29. Qd3 Rc6 30. Rd1 Qc8 31. Rc1 f5 32. exf5 Rxf5 33. f4 exf4 34. Rxf5 Qxf5 35. Qxf5 gxf5 36. Bxf4 Kg8 37. Be3 Kf7 38. Kf2 Nf6 39. Bd4 Nd5 40. a3 Rc4 41. Ke2 a5 42. Rf1 Ke6 43. Kd3 axb4 44. axb4 Rc8 45. Re1+ Kf7 46. Rf1 Kg6 47. g3 Ra8 48. Re1 Kf7 49. Rf1 Ke6 50. Re1+ Kd7 51. Rf1 Rg8 52. Rf3 Ke6 53. Ke2 Ra8 54. Rd3 h5 55. Kf3 Ra3 56. g4 fxg4+ 57. hxg4 hxg4+ 58. Kxg4 Kd7 59. Rf3 Rb3 60. Kg3 Kc6 61. Kf2 Nc7 62. Rf5 Nd5 63. Rf3 Rb2+ 64. Ke1 Ra2 65. Rg3 Ra3 66. Kf2 Nf4 67. Ke3 Nd5+ 68. Kf2 Nc7 69. Rg5 Ne6 70. Rh5 Nxd4 71. cxd4 Rd3 72. Rh1 Kd5 73. Rb1 Kxd4 74. Ke2 d5 75. Rb2 Rh3 76. Rb1 Rh2+ 77. Kf3 Kc3 78. Ke3 d4+ 79. Ke4 d3 80. Rc1+ Rc2 81. Rd1 d2 82. Ke3 Rc1 83. Ke2 Rxd1 84. Kxd1 Kxb4 85. Kxd2 Kb3 0-1

[Event "GER-ch U16 Girls"]
[Site "Willingen"]
[Date "2015.05.27"]
[Round "6"]
[White "Peters, Theresa"]
[Black "Sieber, Fiona"]
[Result "0-1"]
[WhiteElo "1719"]
[BlackElo "2033"]
[PlyCount "114"]
[EventDate "2015.05.24"]
[EventType "swiss"]
[EventRounds "9"]
[EventCountry "GER"]
[SourceTitle "CBM 166 Extra"]
[Source "ChessBase"]
[SourceDate "2015.06.18"]
[SourceVersion "1"]
[SourceVersionDate "2015.06.18"]
[SourceQuality "1"]

1. d4 Nf6 2. Bg5 d5 3. e3 c5 4. c3 Qb6 5. Qb3 e6 6. Nf3 Nc6 7. Nbd2 Bd6 8. Bd3 Qc7 9. Qc2 cxd4 10. exd4 Nh5 11. Bxh7 g6 12. Bxg6 fxg6 13. Qxg6+ Qf7 14. Qxf7+ Kxf7 15. 0-0-0 Bd7 16. Rde1 Nf4 17. Bxf4 Bxf4 18. Ne5+ Nxe5 19. dxe5 Bc6 20. Kc2 Bxd2 21. Kxd2 d4 22. f3 dxc3+ 23. Kxc3 Rac8 24. Kd2 Rcd8+ 25. Kc3 Rh4 26. Re3 Bd5 27. b3 Rc8+ 28. Kd3 Rg8 29. g3 Rxg3 30. hxg3 Rxh1 31. Kc3 Rf1 32. f4 Rf3 33. Rxf3 Bxf3 34. Kd4 Ke7 35. Ke3 Bg4 36. Kd4 Kd7 37. Kc5 Kc7 38. b4 b6+ 39. Kc4 Kc6 40. a3 Be2+ 41. Kd4 Bg4 42. Kc4 Bf5 43. b5+ Kd7 44. Kd4 Ke7 45. Ke3 Bg4 46. Ke4 Kf7 47. Ke3 Kg6 48. Ke4 Bh3 49. Ke3 Kf5 50. Kf3 Bg4+ 51. Ke3 Bd1 52. Kd2 Ba4 53. Ke3 Bxb5 54. Kf3 Bc6+ 55. Ke3 Kg4 56. Kd4 Kxg3 57. f5 exf5 0-1

[Event "GER-ch U16 Girls"]
[Site "Willingen"]
[Date "2015.05.26"]
[Round "5"]
[White "Peters, Theresa"]
[Black "Waechter, Nathalie"]
[Result "1/2-1/2"]
[WhiteElo "1719"]
[BlackElo "1867"]
[PlyCount "93"]
[EventDate "2015.05.24"]
[EventType "swiss"]
[EventRounds "9"]
[EventCountry "GER"]
[SourceTitle "CBM 166 Extra"]
[Source "ChessBase"]
[SourceDate "2015.06.18"]
[SourceVersion "1"]
[SourceVersionDate "2015.06.18"]
[SourceQuality "1"]

1. e4 e5 2. Nf3 Nc6 3. d4 exd4 4. Nxd4 Bc5 5. Be3 Qf6 6. c3 Nge7 7. Bc4 Ne5 8. Be2 Qg6 9. 0-0 d6 10. f4 Qxe4 11. Bf2 Qxf4 12. Nb5 Bxf2+ 13. Rxf2 Qh6 14. Nxc7+ Kd8 15. Nxa8 Bd7 16. Nd2 Bc6 17. Nc4 Nxc4 18. Bxc4 Kd7 19. Rxf7 Qe3+ 20. Rf2 Rxa8 21. Qe2 Qxe2 22. Bxe2 Bd5 23. Re1 Be6 24. Bb5+ Nc6 25. Rfe2 Re8 26. Bd3 g6 27. Bc4 Ne5 28. Bxe6+ Rxe6 29. c4 b6 30. b4 Kc6 31. Re4 Re8 32. h3 Rb8 33. Rd1 a5 34. Red4 Nf7 35. Rf1 Ne5 36. Rf6 Rd8 37. Re6 Rd7 38. a3 axb4 39. axb4 Nf7 40. Kf2 Ra7 41. Rf4 Ne5 42. Rd4 Nf7 43. Rf6 Re7 44. Rd3 Rd7 45. Rd5 Re7 46. Kf3 Ne5+ 47. Kf2 1/2-1/2

[Event "GER-ch U16 Girls"]
[Site "Willingen"]
[Date "2015.05.24"]
[Round "1"]
[White "Christiansen, Anna"]
[Black "Peters, Theresa"]
[Result "1/2-1/2"]
[WhiteElo "1345"]
[BlackElo "1719"]
[PlyCount "108"]
[EventDate "2015.05.24"]
[EventType "swiss"]
[EventRounds "9"]
[EventCountry "GER"]
[SourceTitle "CBM 166 Extra"]
[Source "ChessBase"]
[SourceDate "2015.06.18"]
[SourceVersion "1"]
[SourceVersionDate "2015.06.18"]
[SourceQuality "1"]

1. e4 c5 2. Nc3 Nc6 3. f4 g6 4. Nf3 Bg7 5. Bb5 Nd4 6. 0-0 Nxb5 7. Nxb5 a6 8. Nc3 e6 9. Qe1 Ne7 10. d3 0-0 11. Qh4 f6 12. Ne2 d5 13. g4 Qd7 14. e5 Nc6 15. exf6 Bxf6 16. Qg3 b5 17. c3 b4 18. d4 cxd4 19. cxd4 a5 20. Bd2 Ba6 21. Rae1 Rac8 22. Qf2 Ne7 23. Ne5 Bxe5 24. dxe5 Rc2 25. Qb6 Bc4 26. b3 Bd3 27. Qe3 Ba6 28. Ra1 Nc6 29. Rfc1 Rxc1+ 30. Rxc1 Bxe2 31. Qxe2 Nd4 32. Qd3 Nc6 33. Kg2 Qb7 34. Kg3 Rc8 35. h3 Na7 36. Rxc8+ Qxc8 37. Be3 Qc7 38. Bxa7 Qxa7 39. Kf3 Qc5 40. Qe3 Qc3 41. Qxc3 bxc3 42. Ke3 d4+ 43. Kd3 Kf7 44. a3 Ke7 45. h4 h5 46. g5 Kd7 47. Kc2 Kc6 48. Kd3 Kd5 49. b4 axb4 50. axb4 Kc6 51. Kc2 Kd5 52. Kd3 Kc6 53. Kc2 Kd5 54. Kd3 Kc6 1/2-1/2

[Event "GER-chT U14 Girls"]
[Site "Magdeburg"]
[Date "2014.06.28"]
[Round "5.2"]
[White "Moeller, Lisa Marie"]
[Black "Peters, Theresa"]
[Result "0-1"]
[WhiteElo "1453"]
[BlackElo "1618"]
[PlyCount "104"]
[EventDate "2013.12.27"]
[EventType "team-swiss"]
[EventRounds "4"]
[EventCountry "GER"]
[SourceTitle "EXT 2022"]
[Source "ChessBase"]
[SourceDate "2021.10.06"]
[SourceVersion "1"]
[SourceVersionDate "2021.10.06"]
[SourceQuality "1"]
[WhiteTeam "Paderborn"]
[BlackTeam "Grimma"]
[WhiteTeamCountry "GER"]
[BlackTeamCountry "GER"]

1. e4 c5 2. Nf3 e6 3. d4 cxd4 4. Nxd4 a6 5. c4 Qc7 6. Nc3 Nf6 7. a3 Nc6 8. Be3 b6 9. Be2 Bb7 10. f3 Be7 11. 0-0 0-0 12. Rc1 Rfd8 13. b4 Rac8 14. Qb3 Bd6 15. h3 Bf4 16. Bxf4 Qxf4 17. Nxc6 Qe3+ 18. Kh1 dxc6 19. Rfd1 Nh5 20. Qc2 Ng3+ 21. Kh2 Qf4 22. Kg1 Nh5 23. Rd3 Qg5 24. Bf1 Rxd3 25. Bxd3 Nf4 26. Rd1 Nxh3+ 27. Kf1 Nf4 28. Qf2 Nxd3 29. Rxd3 Qc1+ 30. Ke2 c5 31. bxc5 bxc5 32. Qh4 h6 33. Rd8+ Kh7 34. Rxc8 Bxc8 35. Qe1 Qxa3 36. Qd2 Qb4 37. Qd3 Qb2+ 38. Kf1 e5 39. Nd5 Qd4 40. Ke2 Qxd3+ 41. Kxd3 Bd7 42. Nb6 Bc6 43. Kc3 Kg6 44. Kb3 f5 45. exf5+ Kxf5 46. Na4 Bxa4+ 47. Kxa4 e4 48. fxe4+ Kxe4 49. Kb3 Kd3 50. g3 g6 51. g4 h5 52. gxh5 gxh5 0-1

[Event "GER-chT U14 Girls"]
[Site "Magdeburg"]
[Date "2014.06.28"]
[Round "6.2"]
[White "Peters, Theresa"]
[Black "Reinecke, Katharina"]
[Result "1/2-1/2"]
[WhiteElo "1618"]
[BlackElo "1583"]
[PlyCount "104"]
[EventDate "2013.12.27"]
[EventType "team-swiss"]
[EventRounds "4"]
[EventCountry "GER"]
[SourceTitle "EXT 2022"]
[Source "ChessBase"]
[SourceDate "2021.10.06"]
[SourceVersion "1"]
[SourceVersionDate "2021.10.06"]
[SourceQuality "1"]
[WhiteTeam "Grimma"]
[BlackTeam "Langen"]
[WhiteTeamCountry "GER"]
[BlackTeamCountry "GER"]

1. e4 c6 2. d4 d5 3. Nc3 dxe4 4. Nxe4 Bf5 5. Ng3 Bg6 6. Nf3 Nd7 7. h4 h6 8. Bd3 Bxd3 9. Qxd3 Ngf6 10. Bd2 e6 11. 0-0-0 Be7 12. Ne2 Qb6 13. Nc3 0-0-0 14. Na4 Qc7 15. Qb3 Nd5 16. Kb1 Bd6 17. g3 Rhe8 18. c4 N5f6 19. c5 Bf8 20. Bf4 Qa5 21. Nc3 Nh5 22. Bd2 Qc7 23. Qa3 Kb8 24. Ne2 Ka8 25. g4 Nhf6 26. Bf4 Qc8 27. g5 Nd5 28. Bg3 h5 29. Rd3 b6 30. Bd6 Bxd6 31. cxd6 Qb7 32. Ne5 Rf8 33. Nc3 Nxc3+ 34. Rxc3 c5 35. Re1 Nxe5 36. dxe5 g6 37. Rc4 Rd7 38. Qd3 Rfd8 39. Qe4 Qxe4+ 40. Rcxe4 Rb8 41. R1e3 Rbb7 42. Kc2 a6 43. Ra4 Ra7 44. Rc4 Kb7 45. Rec3 a5 46. a3 Ka6 47. b4 axb4 48. axb4 cxb4 49. Rxb4 b5 50. Rcb3 Rab7 51. Kd3 Rd8 52. Kd4 Rc8 1/2-1/2

[Event "Stuttgart-chB int"]
[Site "Ditzingen"]
[Date "2014.05.29"]
[Round "3"]
[White "Michna, Marcus"]
[Black "Peters, Theresa"]
[Result "1-0"]
[WhiteElo "1774"]
[BlackElo "1636"]
[PlyCount "47"]
[EventDate "2014.05.29"]
[EventType "swiss"]
[EventRounds "7"]
[EventCountry "GER"]
[SourceTitle "EXT 2015"]
[Source "ChessBase"]
[SourceDate "2014.11.20"]
[SourceVersion "1"]
[SourceVersionDate "2014.11.20"]
[SourceQuality "1"]

1. d4 Nf6 2. c4 g6 3. Nc3 Bg7 4. e4 d6 5. f3 0-0 6. Be3 e5 7. d5 c6 8. Bd3 Nbd7 9. Qd2 Nc5 10. Bc2 a5 11. Nge2 Bd7 12. dxc6 Bxc6 13. Rd1 Ne6 14. Qxd6 Qc8 15. Qd2 Rb8 16. Nd5 Bxd5 17. cxd5 Rd8 18. Qc1 Nf8 19. 0-0 Rd7 20. Bd3 Rc7 21. Qd2 N8d7 22. Rc1 Nc5 23. d6 Rc6 24. Bb5 1-0

[Event "GER-ch U25 op-A"]
[Site "Oberhof"]
[Date "2013.05.21"]
[Round "5"]
[White "Erofeev, Anastasia"]
[Black "Peters, Theresa"]
[Result "1-0"]
[WhiteElo "1813"]
[BlackElo "1467"]
[PlyCount "93"]
[EventDate "2013.05.19"]
[EventType "swiss"]
[EventRounds "9"]
[EventCountry "GER"]
[SourceTitle "CBM 154 Extra"]
[Source "ChessBase"]
[SourceDate "2013.06.25"]
[SourceVersion "2"]
[SourceVersionDate "2013.06.25"]
[SourceQuality "1"]

1. e4 c5 2. Nf3 a6 3. a4 Nc6 4. d4 cxd4 5. Nxd4 Nf6 6. Nc3 e5 7. Nxc6 bxc6 8. Bg5 Bb4 9. Qf3 0-0 10. Bxf6 Qxf6 11. Qxf6 gxf6 12. Bc4 f5 13. f3 Bb7 14. Rd1 Rad8 15. 0-0 Bxc3 16. bxc3 d5 17. Bd3 fxe4 18. fxe4 dxe4 19. Bxe4 Rxd1 20. Rxd1 f5 21. Bd3 Bc8 22. Bc4+ Kh8 23. Rd6 e4 24. Kf2 Bb7 25. Re6 Bc8 26. Re7 Rd8 27. Ke3 Rf8 28. g3 Rd8 29. Ra7 c5 30. Ra8 Kg7 31. Bxa6 Rd1 32. Rxc8 Ra1 33. Bb5 Kg6 34. Rxc5 Rc1 35. Bd7 Rf1 36. Bxf5+ Rxf5 37. Rxf5 Kxf5 38. a5 h5 39. a6 h4 40. gxh4 Kg4 41. a7 Kh3 42. a8Q Kxh2 43. Qxe4 Kg3 44. Qf4+ Kh3 45. Qg5 Kh2 46. Kf2 Kh3 47. Qg3# 1-0

[Event "GER-ch U12"]
[Site "Oberhof"]
[Date "2012.06.01"]
[Round "9"]
[White "Peters, Theresa"]
[Black "Schluckner, Paul Leopold"]
[Result "1/2-1/2"]
[WhiteElo "1070"]
[BlackElo "1110"]
[PlyCount "44"]
[EventDate "2012.05.27"]
[EventType "swiss"]
[EventRounds "11"]
[EventCountry "GER"]
[SourceTitle "CBM 148 Extra"]
[Source "ChessBase"]
[SourceDate "2012.06.22"]
[SourceVersion "1"]
[SourceVersionDate "2012.06.22"]
[SourceQuality "1"]

1. d4 d5 2. e4 dxe4 3. Nc3 Nf6 4. f3 exf3 5. Nxf3 Bf5 6. Be3 Nbd7 7. Be2 e6 8. 0-0 Bd6 9. Qd2 Nb6 10. Bg5 c6 11. Rad1 Nbd5 12. Nxd5 cxd5 13. Bb5+ Ke7 14. Ne5 Bxe5 15. dxe5 Qb6+ 16. Kh1 Qxb5 17. Qc3 Kd7 18. exf6 g6 19. b3 Rac8 20. Qe3 Qc5 21. Qxc5 Rxc5 22. c4 Kd6 1/2-1/2